Albums studios de Pascal Obispo - Statistiques

Statistiques générales
  • Ce quiz a été pris 4 fois
  • Le résultat moyen est 8 sur 14
Statistiques - réponses
Année Album % Correct
1990 Le Long du fleuve
100%
1999 Soledad
100%
2021 France
75%
2022 Histoires 2 France
75%
2023 Le Beau qui pleut
75%
2006 Les Fleurs du bien
75%
2018 Obispo
75%
1996 Superflu
75%
2004 Studio Fan
50%
1994 Un jour comme aujourd'hui
50%
2016 Billet de femme
25%
2013 Le Grand Amour
25%
1992 Plus que tout au monde
25%
2009 Welcome to the Magic World of Captain Samouraï Flower
0%
Aucun quiz correspondant
Distribution des résultats
% des personnes avec chaque résultat
Percentile par nombre de réponses
Votre historique - résultats
Vous n’avez pas pris ce quiz